Sobre el Patrimonio Cultural : (Registro nro. 13426)
[ vista simple ]
| 000 -LIDER | |
|---|---|
| fixed length control field | 02279nam a22002057a 4500 |
| 003 - IDENTIFICACDOR DE NÚMERO DE CONTROL | |
| control field | DO-SdBNP |
| 005 - DATE AND TIME OF LATEST TRANSACTION | |
| control field | 20210419131037.0 |
| 008 - ELEMENTOS DE LONGITUD FIJA | |
| fixed length control field | 210419b dr |||| 00| 0 spa d |
| 020 ## - ISBN | |
| International Standard Book Number | 9789945167054 |
| 040 ## - FUENTE DE CATALOGACIÓN | |
| Agencia que crea de manera original el registro | BPMSU |
| Idioma de catalogación | spa |
| Agencia que realiza la transcripción | BPMSU |
| 100 ## - ASIENTO PRINCIPAL -- NOMBRE PERSONAL | |
| Nombre personal | Coss Frías, Elvira Angélica |
| Fechas asociadas con el nombre | 1941 - |
| 245 ## - MENCIÓN DE TITULO | |
| Título | Sobre el Patrimonio Cultural : |
| Subtítulo | Mueble, Inmueble e Intangible / |
| Mención de responsabilidad | Elvira Angélica Coss Frías |
| 260 ## - PUBLICACIÓN, DISTRIBUCIÓN, ETC. (PIE DE IMPRENTA) | |
| Lugar de publicación, distribución, etc | Santo Domingo : |
| Nombre del editor, distribuidor, etc. | Búho, |
| Fecha de publicación, distribución, etc | 2015. |
| 300 ## - DESCRIPCIÓN FÍSICA | |
| Extensión | 69 p. , |
| Dimensiones | 23 cm. |
| 500 ## - NOTA GENERAL | |
| Nota general | Incluyes datos biográfico del autor en la solapa de la cubierta. |
| 505 ## - NOTA DE CONTENIDO | |
| Campo enlazado y núm. de secuencia | Introducir -- El foro a colón -- Más allá del Ozama -- Usos múltiples -- El Patrimonio Cultural -- La Restauración Patrimonial -- Esfuerzos nacionales e internacionales -- Normas de Quito, Ecuador -- Labor ética y normativa -- Convención de la haya para la protección de los bienes culturales en caso de conflicto armado y el protocolo anexo -- Régimen de protección de especial -- Reglamento de aplicación -- Protocolo anexo -- Convención de París sobre las medidas que deben adoptarse para prohibir e impedir la importación, la exportación y transferencia de propiedades ilícita de bienes culturales -- Bienes culturales . Definición -- Comité gubernamental para promover el retorno de los bienes de los bienes culturales a sus países de origen o de su restitución en caso de apropiación ilegal -- Convención del patrimonio mundial cultural y natural -- Bienes culturales naturales . Criterios -- EL comité intergubernamental de protección del patrimonio mundial cultural y natural de valor cultural universal excepcional -- El fondo para la protección del Patrimonio cultural y natural -- Oportunidades que representa la inscripción de los bienes culturales en la lista del patrimonio mundial -- Cargas que representa la inscripciones de los bienes culturales en la lista del patrimonio mundial -- Servidumbres -- Desafió que entraña la inscripción -- Lista de accesoria -- Patrimonio subacuático -- Acción operativa. Asistencia técnica -- Modalidad Particular : las Campañas internacionales de salvaguarda -- Patrimonio Latinoamericano y Caribeño -- Ejemplos destacados -- conclusión. |
| 590 ## - NOTA LOCAL | |
| Enlace | Inventariado,2021/ MC |
| 910 ## - VALIDACIÓN | |
| Validación | Mcabrera. |
| 942 ## - ADDED ENTRY ELEMENTS (KOHA) | |
| Source of classification or shelving scheme | Dewey Decimal Classification |
| Koha item type | Libros |
No hay ítems disponibles.